00913nam a2200181 i 4500001000700000003000900007005001700016008004100033080002200074100004400096245019600140260006000336300002100396610005800417852009400475999001900569952014300588161274ES-MaACL20230906212235.0011015s1872 sp |||| | spa d a061.22(460.27 M.)1 aPalacio y Trujillo, José del.913078110aAteneo del Ejército y Armada : bdiscurso pronunciado el día 19 de octubre de 1872, con motivo de la apertura de sus cátedras / cpor el socio fundador D. José del Palacio y Trujillo. aMadrid : b[s.n.], c1872 (fEstab. Tip. de P. Abienzo) a13 p. ; c24 cm.24aAteneo del Ejército y de la Armada (Madrid)91341584 aES-MaACLjT-144-F-3 z- Enc. hol., falto de cub. original z- Enc. en un vol. facticio c161274d161274 001040708Colección_de_folletosaATENEOMbATENEOMcDEPOFd2008-01-17l0oT-144-F-3p1168924r2023-02-23 00:00:00w2023-02-23yFOLLETOS